| Tag |
First Indicator |
Second Indicator |
Subfields |
| LEADER |
00000cam a2200000 a 4500 |
| 001 |
in00000025913 |
| 005 |
20151007054522.0 |
| 008 |
850411r19851973nyua b 00110beng |
| 010 |
|
|
|a 85009028
|
| 020 |
|
|
|a 0872260321 (pbk.)
|
| 035 |
|
|
|a (OCoLC)12078854
|
| 035 |
|
|
|9 AAB5314AM
|
| 040 |
|
|
|a DLC
|c DLC
|d m/c
|d TXA
|d UtOrBLW
|
| 049 |
|
|
|a [Curr Col] TXAM
|c [A11086210]
|
| 050 |
0 |
0 |
|a PR5823
|b .F47 1985
|
| 082 |
0 |
|
|a 828/.809
|a B
|2 19
|
| 100 |
1 |
|
|a Fido, Martin.
|
| 245 |
1 |
0 |
|a Oscar Wilde /
|c by Martin Fido.
|
| 250 |
|
|
|a 1st American pbk. ed.
|
| 264 |
|
1 |
|a New York :
|b P. Bedrick Books :
|c 1985.
|
| 264 |
|
2 |
|a New York :
|b Distributed in the USA by Harper & Row,
|
| 264 |
|
4 |
|c ©1973
|
| 300 |
|
|
|a 144 pages :
|b illustrations (some color) ;
|c 30 cm.
|
| 336 |
|
|
|a text
|b txt
|2 rdacontent
|
| 337 |
|
|
|a unmediated
|b n
|2 rdamedia
|
| 338 |
|
|
|a volume
|b nc
|2 rdacarrier
|
| 504 |
|
|
|a Bibliography: page 142.
|
| 500 |
|
|
|a Includes index.
|
| 600 |
1 |
0 |
|a Wilde, Oscar,
|d 1854-1900.
|
| 650 |
|
0 |
|a Authors, Irish
|y 19th century
|v Biography.
|
| 999 |
|
|
|a MARS
|
| 999 |
f |
f |
|s dedf4f8d-3374-303c-a374-cf2ac2d21194
|i dfef4707-47ae-3938-9ee7-0ca3ced863ea
|t 0
|
| 952 |
f |
f |
|p ric
|a Texas A&M University
|b Rellis Campus
|c Joint Library Facility
|d Remote Storage
|t 0
|e PR5823 .F47 1985
|h Library of Congress classification
|i unmediated -- volume
|m A14811086210
|
| 998 |
f |
f |
|a PR5823 .F47 1985
|t 0
|l Remote Storage
|